| 000 | 00469nam a2200193Ia 4500 | ||
|---|---|---|---|
| 003 | OSt | ||
| 005 | 20251128111046.0 | ||
| 008 | 250729s2002 xx 000 0 und d | ||
| 020 | _a978-1447862239 | ||
| 040 | _cAL | ||
| 041 | _aeng | ||
| 082 | _a540.1 MASC | ||
| 100 |
_aMascarenhas Ronald _9225263 |
||
| 245 | _aChem magic-exchanging experiments in chemistry | ||
| 260 |
_aMangalore _c2002 |
||
| 300 | _a59p | ||
| 650 |
_aChemistry _9225264 |
||
| 942 |
_2ddc _cBED |
||
| 999 |
_c236828 _d236828 |
||